MARC details
| 000 -CABECERA |
| campo de control de longitud fija |
01007cam a22002894a 4500 |
| 003 - IDENTIFICADOR DEL NÚMERO DE CONTROL |
| campo de control |
UPN |
| 005 - FECHA Y HORA DE LA ÚLTIMA TRANSACCIÓN |
| campo de control |
20231017063706.0 |
| 008 - ELEMENTOS DE LONGITUD FIJA--INFORMACIÓN GENERAL |
| campo de control de longitud fija |
090204s2005 cl r 000 0dspa d |
| 020 ## - NÚMERO INTERNACIONAL NORMALIZADO PARA LIBROS |
| Número Internacional Estándar del Libro |
9563000447 |
| 035 ## - NÚMERO DE CONTROL DEL SISTEMA |
| Número de control de sistema |
UPN01000168740 |
| 040 ## - FUENTE DE LA CATALOGACIÓN |
| Centro catalogador/agencia de origen |
UPN |
| Lengua de catalogación |
spa |
| Centro/agencia transcriptor |
UPN |
| 049 ## - COLECCIÓN |
| Colección |
CG |
| 050 #4 - SIGNATURA TOPOGRÁFICA DE LA BIBLIOTECA DEL CONGRESO |
| Número de clasificación |
F3063 |
| Número de documento/Ítem |
C3.4 |
| 100 1# - ASIENTO PRINCIPAL--NOMBRE PERSONAL |
| Nombre de persona |
Callcott, Maria, |
| Títulos y otros términos asociados al nombre |
Lady, |
| Fechas asociadas al nombre |
1785-1842 |
| 9 (RLIN) |
43503 |
| 245 10 - MENCIÓN DE TÍTULO |
| Título |
Diario de mi residencia en Chile en el año 1822 / |
| Mención de responsabilidad, etc. |
María Graham ; tr. María Ester Martínez Sanz. |
| 260 ## - PUBLICACIÓN, DISTRIBUCIÓN, ETC. |
| Lugar de publicación, distribución, etc. |
Santiago de Chile : |
| Nombre del editor, distribuidor, etc. |
Norma, |
| Fecha de publicación, distribución, etc. |
2005. |
| 300 ## - DESCRIPCIÓN FÍSICA |
| Extensión |
267 p. |
| 490 0# - MENCIÓN DE SERIE |
| Mención de serie |
Cara y cruz |
| 501 ## - NOTA DE "CON" |
| Nota de “Con” |
Encuadernado con: Vida y obra / Mary Graham ; Santiago de Chile : Norma, 2005. |
| 534 ## - NOTA SOBRE LA VERSIÓN ORIGINAL |
| Frase introductoria |
Titulo original: |
| Mención de título del original |
Journal of a residence in Chile : during the year 1822, and a voyage from Chile to Brazil in 1823 |
| 650 #4 - ASIENTO SECUNDARIO DE MATERIA - TERMINO TEMATICO |
| Término de materia o nombre geográfico como elemento de entrada |
DIARIOS |
| 9 (RLIN) |
9723 |
| 651 #4 - ASIENTO SECUNDARIO DE MATERIA - NOMBRE GEOGRAFICO |
| Nombre geográfico |
Chile |
| Subdivisión general |
Descripción y viajes |
| 9 (RLIN) |
13419 |
| 651 #4 - ASIENTO SECUNDARIO DE MATERIA - NOMBRE GEOGRAFICO |
| Nombre geográfico |
CHILE - |
| Subdivisión general |
HISTORIA - |
| Subdivisión cronológica |
1810-1824 |
| 9 (RLIN) |
43504 |
| 740 0# - ASIENTO SECUNDARIO - TÍTULOS RELACIONADOS /ANALITICOS NO CONTROLADOS |
| Título relacionado o analítico no controlado |
Vida y obra |
| 905 ## - TIPO DE MATERIAL |
| Tipo de material |
Libro |
| 942 ## - ELEMENTOS DE PUNTO DE ACCESO ADICIONAL (KOHA) |
| Fuente del sistema de clasificación o colocación |
Library of Congress Classification |
| Tipo de ítem Koha |
Libro |